प्राकृतिक चिकित्सा एंव स्वस्थ्य / (Record no. 113701)

MARC details
000 -LEADER
fixed length control field 01083nam a22002537a 4500
005 - DATE AND TIME OF LATEST TRANSACTION
control field 20170124102957.0
010 ## - LIBRARY OF CONGRESS CONTROL NUMBER
LC control number B-198020
020 ## - INTERNATIONAL STANDARD BOOK NUMBER
Terms of availability 250.00
International Standard Book Number 8190128042
035 ## - SYSTEM CONTROL NUMBER
System control number B-198020
037 ## - SOURCE OF ACQUISITION
Source of stock number/acquisition Cen Lib/Ret
040 ## - CATALOGING SOURCE
Original cataloging agency DPL
Language of cataloging HN
082 ## - DEWEY DECIMAL CLASSIFICATION NUMBER
Classification number 615.535
Item number बनर्जी
100 ## - MAIN ENTRY--PERSONAL NAME
Personal name बनर्जी, कमला
9 (RLIN) 53493
245 ## - TITLE STATEMENT
Title प्राकृतिक चिकित्सा एंव स्वस्थ्य /
Statement of responsibility, etc कमला बनर्जी
246 ## - VARYING FORM OF TITLE
Title proper/short title Prakritik chikitsa env swasthya /
Remainder of title by Kamla Benarji
260 ## - PUBLICATION, DISTRIBUTION, ETC. (IMPRINT)
Place of publication, distribution, etc दिल्ली
Name of publisher, distributor, etc खुराना पब्लिशिंग हाउस
Date of publication, distribution, etc 2005
270 ## - ADDRESS
Address 94, मानक विहार
City दिल्ली
Postal code 110092
300 ## - PHYSICAL DESCRIPTION
Extent 210पृ.
Dimensions 20सेमी (सजिल्द)
650 ## - SUBJECT ADDED ENTRY--TOPICAL TERM
Topical term or geographic name as entry element प्राकृतिक चिकित्सा
9 (RLIN) 717
650 ## - SUBJECT ADDED ENTRY--TOPICAL TERM
Topical term or geographic name as entry element पारंपरिक चिकित्सा
9 (RLIN) 1199
650 ## - SUBJECT ADDED ENTRY--TOPICAL TERM
Topical term or geographic name as entry element Naturopathy
9 (RLIN) 53494
650 ## - SUBJECT ADDED ENTRY--TOPICAL TERM
Topical term or geographic name as entry element Traditional Medicine
9 (RLIN) 53495
942 ## - ADDED ENTRY ELEMENTS (KOHA)
Source of classification or shelving scheme Dewey Decimal Classification
Koha item type Hindi Books
Classification part 615.535
Call number suffix बनर्जी
Holdings
Withdrawn status Lost status Damaged status Not for loan Home library Current library Date acquired Source of acquisition Cost, normal purchase price Total Checkouts Total Renewals Full call number Barcode Date last seen Date checked out Copy number Cost, replacement price Price effective from Koha item type
        Central Library Central Library 13/08/2015 Cen Lib/Ret 250.00 5 2 615.535 बनर्जी B-198020 14/04/2019 27/02/2019 1 250.00 13/08/2015 Hindi Books

© Delhi Public Library
Hit Counter
free hit counter